| 000 | 00907nam a2200241 i 4500 | ||
|---|---|---|---|
| 001 | bg | ||
| 245 | 0 | 0 |
_aWorkshop on Phase change with convection modelling and validation : _bJune 24-26, 1999, Warsaw, Poland : book of abstracts / _c[ed. T. A. Kowalewski [et al.]. |
| 260 |
_aWarszawa : _bInstytut Podstawowych Problemów Techniki Polskiej Akademii Nauk, _c1999. |
||
| 300 |
_a169 s. : _bfot., rys., wykr. ; _c21 cm. |
||
| 490 | 1 |
_aPrace IPPT, _x0208-5658 ; _v5/1999 |
|
| 504 | _aBibliogr. przy ref. | ||
| 650 | 9 |
_aAnaliza numeryczna _xmetody _xstosowanie |
|
| 650 | 9 |
_aPrzemiany fazowe _xbadanie |
|
| 650 | 9 |
_aMechanika płynów _xzagadnienia |
|
| 655 | _aMateriały konferencyjne | ||
| 700 | 1 |
_aKOWALEWSKI, Tomasz. _eRed. |
|
| 830 |
_aPrace IPPT, _x0208-5658 ; |
||
| 040 | _cBPK | ||
| 041 | 0 | _aen | |
| 080 | _a519.61/.64:532:544.01](061) | ||
| 942 | _cKS | ||
| 008 | s pl f |000 0 pol | ||
| 999 |
_c35807 _d35807 |
||
| 856 |
_uhttp://koha.tu.koszalin.pl/cgi-bin/koha/opac-detail.pl?biblionumber=35807 _yKatalog online BPK |
||